El hacedor de juguetes y otros cuentos /

Nacido en Valparaíso, Chile, en 1951, el escritor Manuel Peña Muñoz cursó estudios en literatura infantil, ámbito que ha predominado en el conjunto de su obra, en la que se alternan la creación, la crítica y la investigación literarias. Dorada locura (1978), El niño del pasaje (1989, Premio del Círc...

Fuld beskrivelse

Guardado en:
Bibliografiske detaljer
Hovedforfatter: Peña Muñoz, Manuel (autor)
Andre forfattere: Cardemil, Carmen (ilustración) (ilustración)
Format: Bog
Sprog:spansk
Udgivet: Santiago, Chile : Zig-Zag, 2005, c2005
Serier:(Delfín de Color. Delfín Azul, desde 9 Años)
Fag:
Tags: Tilføj Tag
Ingen Tags, Vær først til at tagge denne postø!

MARC

LEADER 00000nam^a2200000^a^4500
001 000184952
005 20250521000000.0
009 20260310102133.951
020 |a 956-12-1663-9 
037 |a Acervo ITESO - Biblioteca 
041 |a ESP 
082 |a 808. 899282  |b PEÑ 
100 |a Peña Muñoz, Manuel  |e (autor) 
245 1 3 |a El hacedor de juguetes y otros cuentos /  |c M. Peña Muñoz ; il. de C. Cardemil. 
264 4 |a Santiago, Chile :  |b Zig-Zag,  |c 2005, c2005 
300 |a 117 p. 
336 |a texto  |b txt  |2 rdacontenido 
337 |a sin mediación  |b n  |2 rdamedio 
338 |a volumen  |b nc  |2 rdasoporte 
440 1 |a (Delfín de Color.  |p Delfín Azul, desde 9 Años) 
520 |a Nacido en Valparaíso, Chile, en 1951, el escritor Manuel Peña Muñoz cursó estudios en literatura infantil, ámbito que ha predominado en el conjunto de su obra, en la que se alternan la creación, la crítica y la investigación literarias. Dorada locura (1978), El niño del pasaje (1989, Premio del Círculo de Críticos de Arte de Valparaíso), María Carlota y Millaqueo (1991), El collar de perlas negras (1994), Un ángel me sopló al oído (1995), Por qué lloran los sauces (1995), Mágico Sur (1998, Premio Gran Angular), La mujer de los labios rojos (2002), Talismanes para un mundo feliz (2003) y El hacedor de juguetes y otros cuentos (2005) sobresalen entre sus creaciones destinadas a un público infantil. También este sector literario ha sido el motivo de ensayos y/o antologías como Historia de la literatura infantil chilena (1982), Para saber y cantar, el libro del folklore infantil chileno (1983), Folklore infantil en la educación (1983), Alas para la infancia: fundamentos de literatura infantil (1983), Había una vez... en América: literatura infantil de América Latina (1997), Lima, limita, limón: folklore infantil latinoamericano (1998), Juguemos al hilo de oro, folklore infantil chileno (1999) o Del pellejo de una pulga, versos para jugar (2002). Peña Muñoz, quien fue designado jurado internacional del Premio UNESCO 1998 de Literatura Infantil y Juvenil, ha incursionado asimismo en la crónica, género donde se inscriben Ayer soñé con Valparaíso: crónicas porteñas (1999), Memorial de Tierra Larga, crónicas chilenas (2001), Los cafés literarios en Chile (2002) y Valparaíso, la ciudad de mis fantasmas: memorias (2004), entre otras obras. 
649 |a XX 
650 |a Cuentos Infantiles -  |z Chile 
650 |a Cuentos Chilenos 
650 |a Literatura Infantil -  |z Chile 
650 |a Literatura Chilena -  |y Siglo XXI 
650 |a Juguetes en la Literatura 
700 |a Cardemil, Carmen  |e (ilustración) 
910 |a Fondo General 
920 |a Impresos - Libros 
930 |a Colección General 
940 |a Literatura 
905 |a 101 
901 |a 0500125883  |b IT1  |c LIT  |u 20250521 
902 |a https://opac.biblio.iteso.mx/vufind/Record/000184952